| 000 | 00929nam a2200217Ia 4500 | ||
|---|---|---|---|
| 999 |
_c43716 _d43716 |
||
| 001 | 10457 | ||
| 003 | GE_BSU | ||
| 005 | 20221219140520.0 | ||
| 008 | 181216s1985ge xx |||||||||||||| ||geo|| | ||
| 040 | _cGE_BSU | ||
| 041 | _ageo | ||
| 080 | _a821.353.1–3+821.353.1–32ქ-27 | ||
| 245 |
_aქართული პროზა: წ.10: _bგიორგი წერეთელი / _cშემდგ : გ. გვერდწითელი, რ. თვარაძე. |
||
| 264 |
_aთბილისი : _bსაბჭოთა საქართველო, _c1985. |
||
| 300 |
_a702 გვ; _b20 სმ. |
||
| 653 | _aქართული პროზა:წ.10 | ||
| 653 | _aგიორგი წერეთელი | ||
| 700 |
_aგვერდწითელი, გ _eშემდგენელი _916485 |
||
| 700 |
_aთვარაძე, რ _eშემდგენელი _914595 |
||
| 942 |
_cBK _2udc |
||